Flags of Europe - 1:2 aspect ratio - Statistics

General Stats
  • This quiz has been taken 33 times
  • The average score is 6 of 11
Answer Stats
Answer % Correct
United Kingdom
80%
Ireland
72%
Belarus
60%
Montenegro
60%
Slovenia
60%
Hungary
56%
Latvia
56%
Croatia
52%
Moldova
52%
North Macedonia
52%
Bosnia and Herzegovina
48%
No matching quizzes found
Score Distribution
Percent of People with Each Score
Percentile by Number Answered
Your Score History
You have not taken this quiz